000
00301nam a22001337a 4500
008
170331b xxu||||| |||| 00| 0 eng d
020
_a
0721614625
041
_a
eng
080
_a
617
100
_a
8
101
_a
SHM
245
_a
DIAGNOSIS OF BONE AND JOINT DISORDERS
_c
RESNICK.D
942
_2
udc
_c
BK
999
_c
9291
_d
9291